Kleines Orchesterkonzert fur 2 Floten, 3 Posaunen, Harfe, Klavier, Schlagzeug und Streicher | Musik fur Streichorchester | Kammersonfonie (Запис номер 515083)
[ съкратено ]
| 000 -Лидер | |
|---|---|
| Лидер | 01361njm a2200325 a 4500 |
| 003 - Код на организацията, давaща контролен номер | |
| Код на организацията, даваща контролен номер | BLK |
| 005 - Дата и час на последна редакция | |
| Дата и час на последна редакция | 20240808155510.0 |
| 007 - Фиксирано поле за физическо описани | |
| Физическо описание | sd bsmennmp|nu |
| 008 - Елементи от данни с фиксирана дължина | |
| Елементи с фиксирана дължина | 240808b opnngs|||||||| | che d |
| 028 ## - PUBLISHER NUMBER | |
| Издателски номер | 885049 |
| 040 ## - Източник на каталожния запис | |
| Код на библиотеката | BLK |
| 041 0# - Код за език | |
| Език на записа | Немски |
| Език за КДБФ | Немски |
| 080 ## - УДК | |
| УДК текст | Камерна музика. Музика за няколко солови инструмента - дует, трио, квартет, квинтет, секстет, септет, нонет и др. |
| УДК код | 785.7 |
| УДК – определител | (086.72) |
| УДК – код + определител | 785.7(086.72) |
| 100 ## - Редна дума - Автор | |
| R(LIN) | 493962 |
| Автор | Matthus, Siegfried |
| 245 ## - Сведения за заглавието | |
| Заглавие | Kleines Orchesterkonzert fur 2 Floten, 3 Posaunen, Harfe, Klavier, Schlagzeug und Streicher |
| Авторска отговорност | Siegfried Matthus |
| 245 ## - Сведения за заглавието | |
| Заглавие | Musik fur Streichorchester |
| Авторска отговорност | Gerhard Tittel |
| 245 ## - Сведения за заглавието | |
| Заглавие | Kammersonfonie |
| Авторска отговорност | Peter Herrmann |
| 260 ## - Област на издателските данни | |
| Място на издаване | Berlin |
| Име на издателя | Nova |
| Година на издаване | s.a. |
| 9 (RLIN) | 493964 |
| 300 ## - Физическа характеристика | |
| Брой страници | 1 грамофонни плочи 33 об./мин. |
| Илюстрации | стерео |
| Размер | 30 см |
| 380 ## - Жанр | |
| Жанр | Изкуство |
| 511 ## - Забележка за участници или изпълнители | |
| Забележка за участници | Berliner Sinfonie-Orchester ; Gunther Herbig, conductor. |
| 650 #0 - Допълнително описание по предмет – тема | |
| 9 (RLIN) | 316670 |
| Предметна рубрика | Камерна музика, инструментална |
| 700 ## - Други автори (авторска отговорност) | |
| Друг автор | Herrmann, Peter |
| 9 (RLIN) | 493961 |
| 700 ## - Други автори (авторска отговорност) | |
| Друг автор | Tittel, Gerhard |
| 9 (RLIN) | 415953 |
| 852 ## - Местоположение | |
| Сигнатура (форматна) | Ф ІІ 427 |
| Отдел | Хранилище |
| 856 ## - Електронен адрес и достъп | |
| Инструкция (цена за достъп) | 0.00 |
| Права за достъп | disable |
| 942 ## - АРТИКУЛИ | |
| Вид на библиотечния документ | Грамофонни плочи |
| Скрит в OPAC | Не |
| 944 ## - СЪЗДАВАНЕ И РЕДАКЦИЯ на ЗАПИСА | |
| Дата на регистрацията/редакция | Геновева Генчева |
| Служител, извършил регистрацията/редакцията | 30560 |
| Статус, дата на статуса | Геновева Генчева |
| 999 ## - СИСТЕМНИ КОНТРОЛНИ НОМЕРА | |
| Koha biblionumber | 515083 |
| Koha biblioitemnumber | 515083 |
| 999 ## - СИСТЕМНИ КОНТРОЛНИ НОМЕРА | |
| Koha biblioitemnumber | 515083 |
| Код за отписване | Код за изгубен артикул | Източник на класификационната схема | Код за повреда | Коз за рестрикции | Код за отдаване | Артикулен № | Име на библиотеката - собственик | Име на библиотеката, в която се намира в момента | Статус (Текущо местоположение) | Дата на вписване в системата | Местоположение - отдел | Цена в лева | Инвентарен номер | Систематично азбучна сигнатура | Баркод | Цена в евро | Служебен тип на артикула |
|---|---|---|---|---|---|---|---|---|---|---|---|---|---|---|---|---|---|
| Не е изгубен | Universal Decimal Classification | Не е повреден | само за читалня | ползва се в читалня | 946586 | Регионална библиотека "Любен Каравелов" Русе | Регионална библиотека "Любен Каравелов" Русе | Хранилище | 2024-08-08 | Основен фонд - ползва се само за читалня | 4.50 | 6779 | Ф ІІ 427 | 900000106049 | 2.30 | Грамофонни плочи |